| 000 | 00640nam a2200205Ia 4500 | ||
|---|---|---|---|
| 003 | GCL | ||
| 008 | 140319s9999 xx 000 0 ara d | ||
| 040 |
_aGCL / _cGCL |
||
| 082 | 0 | 4 |
_a940.3 _bر ن |
| 100 | 1 | _aمحمد بدران | |
| 245 | 1 | 0 |
_aالنتائج السياسية للحرب العظمى / _cمحمد بدران |
| 700 | 1 | _aميور, رمزى | |
| 300 | _a375 ص | ||
| 490 |
_aالمعارف العامة _v0 |
||
| 650 | 0 | 4 | _aالسياسة |
| 650 | 0 | 4 | _aالحروب |
| 650 | 0 | 4 | _aالحرب العالمية الاولى 1914- 1918 |
| 650 | 0 | 4 | _aاوربا - تاريخ - الحرب العالمية |
| 942 |
_2ddc _cBK |
||
| 999 |
_c49862 _d49862 |
||